000 00687nam a2200217Ia 4500
003 OSt
005 20260106152538.0
008 220923b |||||||| |||| 00| 0 eng d
037 _cGeneral Book
040 _aRTL
_cRTL
_beng
041 _2eng
_aeng
084 _aX:8M6 , M3
_qRTL
100 _aFletcher Winston
_9286874
245 0 _aMeetings, meetings
_b How to manipalate them make t
260 _aLondon
_bMiqhael Joseph
_c1983
300 _a186 p.
_ccm.
_bIncludes bibliographical references and index.
500 _aBibliography 185-86
650 _aCorrespondence Management
_9247795
942 _hX:8M6 , M3
_cGB
_2CC
_n0
999 _c575005
_d575005